000
00324nam a22001337a 4500
008
181106b xxu||||| |||| 00| 0 eng d
020
_a
9780131487277
041
_a
eng
080
_a
316
100
_a
49
101
_a
SOC
245
_a
Exploring Human Behavior And The Social Environment
_c
Fur.L.A
942
_2
udc
_c
BK
999
_c
51921
_d
51921